000 03038cam a2200385 i 4500
003 SA-RiAUC
005 20250531165915.0
008 250530s1996 ua g 00000 ara c
020 _a9770411949
020 _a9779119404
024 0 _a00000000984266
040 _aSA-RiAUC
_bara
_cSA-RiAUC
_dAE-DuMBRL
_erda
082 0 4 _a253.4
_qSA-RiAUC
090 _a253.4
_bهـ ن د
100 1 _aهندي، منير إبراهيم
_eمؤلف.
245 1 0 _aشبهة الربا في معاملات البنوك التقليدية والإسلامية :
_b"دراسة اقتصادية وشرعية" /
_cدكتور منير إبراهيم هندي.
264 1 _aالإسكندرية، مصر :
_bالمكتب العربي الحديث،
_c1996.
300 _a339 صفحة ؛
_c24 × 17 سم
336 _aنص
_btxt
_2rdacontent
_3كتاب
337 _aبدون وسيط
_bn
_2rdamedia
338 _aمجلد
_bnc
_2rdacarrier
504 _aببليوجرافية : صفحة 325-339.
520 _aيتناول كتاب (شبهة الربا في.. معاملات البنوك التقليدية والإسلامية) والذي قام بتأليفه د. منير إبراهيم هندي، موضوع (الربا) هذا الكتاب بحثا علميا، يمثل محاولة جادة ومخلصة لا يحكمها هوى أو مصلحة شخصية، تهدف إلى الوصول إلى إجابة لسؤال يهم كل مسلم، بشأن الفوائد المصرفية، وما إذا كانت هي الربا المحرم. ولعل ما يميز هذا الكتاب أنه مزيج متوازن من التحليل الاقتصادي والشرعي. ومما يضفي قيمة على النتائج التي توصل إليها الباحث، أن محتويات هذا الكتاب يحكمها منهج علمي. عرض في بدايته مقارنة بين نشاط البنوك الإسلامية والبنوك التقليدية، ثم تناول بالتحليل والتقييم الأنشطة التي تمارسها البنوك الإسلامية، وما إذا كانت تحيط بها شبهة التعامل بالفوائد، وهي قضية سيجد القارئ حكما عليها. حيث تناول الباحث الفوائد المصرفية بالتحليل الشرعي والاقتصادي، ليصل إلى نتيجة نترك أمرها للقارئ.
650 7 _aالبنوك (فقه إسلامي)
_2aucsh
650 7 _aالبنوك
_xقوانين وتشريعات
_2aucsh
650 7 _aالبنوك الإسلامية
_2aucsh
650 7 _aالربا (فقه إسلامي)
_2aucsh
650 7 _aالإسلام والبنوك
_2aucsh
650 7 _aالمعاملات (فقه إسلامي)
_2aucsh
650 7 _aالاقتصاد الإسلامي
_2aucsh
650 7 _aالبنوك التجارية
_2aucsh
942 _2ddc
_cBOOK
_n0
949 _aSA-JeALM
_d250530
_umohamedma123
_n1
999 _c8581
_d8581